00634nam a2200193Ia 4500008004100000100001900041245009800060260001100158300002100169440004800190521001000238650002100248650001400269650002900283650001800312942000700330999001900337952008400356140626s9999 xx 000 0 und d aDinner, Isaac. aPartitioning default effects :bwhy people choose not to choose /cIsaac Dinner ... [et al.]. cc2011. a17 : 4, page 332 aJournal of Experimental Psycholgy : Applied aPSYCH aDecision making. aDefaults. aPreference construction. aQuery theory. cSE c121326d121326 001040aCLbCLcPERd2014-06-26l0pS0434r2014-06-26 00:00:00w2014-06-26ySE